| 000 | 00387 a2200133 4500 | ||
|---|---|---|---|
| 005 | 20250625161349.0 | ||
| 020 | _a978-1-260-12087-5 | ||
| 082 | _a004.67 SPE | ||
| 100 | _aSPENDOLINI, B. | ||
| 245 | _aOracle Database Exadata Cloud Services A Beginner's Guide, | ||
| 260 |
_aNew York, _bMc Graw Hill Irwin, _c2019. |
||
| 300 |
_axii.; 321p.; ill.; picture, _bIndex, _c23cm. |
||
| 942 |
_2ddc _cBKS |
||
| 999 |
_c5132 _d5132 |
||